00438nam a2200181 a 450000100060000000300090000600800410001502000180005604000280007408200160010210000270011824500230014525000090016826000300017730000100020765000130021765000260023023286CO-ViMGA141112s2004 ck r 000 u spa d a9789584103888 aCO-ViMGAbspacCO-ViMGA04a540.7 C173x1 aCardenas Fidel Antonio10aQuimica y Ambiente a3 ed aBogotá : bMc Graw Hill a2 Vol14aQUIMICA 14aQUIMICA Y ENSEÑANZA